[Event "GM Clarion Congress Hotel 2020"]
[Site "Ceske Budejovice"]
[Date "2020.07.06"]
[Round "6.4"]
[White "Malinovsky, Karel"]
[Black "Horvath, Dominik"]
[Result "1/2-1/2"]
[WhiteElo "2459"]
[BlackElo "2446"]
[Annotator "RC"]
[PlyCount "99"]
[EventDate "2020.07.01"]
[EventType "tourn"]
[EventCountry "CZE"]
[SourceTitle "playchess.com"]
[Source "ChessBase"]
[SourceQuality "1"]
[TimeControl "40/5400+30:1800+30"]

1. e4 {[%emt 0:00:00]} e5 {[%emt 0:00:00]} 2. Nf3 {[%emt 0:00:00]} Nc6 {[%emt 0:00:00]} 3. Bb5 {[%emt 0:00:00]} a6 {[%emt 0:00:00]} 4. Ba4 {[%emt 0:00:00]} Nf6 {[%emt 0:00:00]} 5. O-O {[%emt 0:00:01]} Be7 {[%emt 0:00:00]} 6. Re1 {[%emt 0:00:06]} b5 {[%emt 0:00:00]} 7. Bb3 {[%emt 0:00:06]} O-O {[%emt 0:00:04]} 8. a4 {[%emt 0:03:56]} d5 {[%emt 0:02:00]} 9. Bxd5 {[%emt 0:04:19]} Nxd5 {[%emt 0:02:26]} 10. exd5 {[%emt 0:00:06]} Nd4 {[%emt 0:00:33]} 11. Nxe5 {[%emt 0:13:16]} Bb7 {[%emt 0:05:57]} 12. Nc6 {[%emt 0:12:40]} Nxc6 {[%emt 0:01:54]} 13. dxc6 {[%emt 0:00:07]} Bxc6 {[%emt 0:00:03]} 14. axb5 {[%emt 0:00:18]} axb5 {[%emt 0:00:46]} 15. Rxa8 {[%emt 0:00:07]} Bxa8 {[%emt 0:00:06]} 16. Qe2 {[%emt 0:01:32]} Qd5 {[%emt 0:05:41]} 17. Qf1 {[%emt 0:01:15]} Bd6 {[%emt 0:17:00]} 18. Nc3 {[%emt 0:07:51]} Qh5 {[%emt 0:00:06]} 19. h3 {[%emt 0:00:55]} Bc6 {[%emt 0:12:47]} 20. d3 {[%emt 0:11:57]} f5 {[%emt 0:00:59]} 21. Qe2 {[%emt 0:07:05]} Qg6 {[%emt 0:12:28]} 22. Qe6+ {[%emt 0:03:58]} Qxe6 {[%emt 0:00:05]} 23. Rxe6 {[%emt 0:00:05]} b4 {[%emt 0:00:25]} 24. Nb1 {[%emt 0:01:07]} Ra8 {[%emt 0:08:12]} 25. Re1 {[%emt 0:02:51]} Ba4 {[%emt 0:05:03]} 26. Re2 {[%emt 0:06:16]} Kf7 {[%emt 0:03:34]} 27. g3 {[%emt 0:01:54]} h6 {[%emt 0:02:33]} 28. Bf4 {[%emt 0:12:03]} Bxf4 {[%emt 0:02:40]} 29. gxf4 {[%emt 0:00:02]} Bc6 {[%emt 0:03:37]} 30. Re1 {[%emt 0:03:18]} g5 {[%emt 0:06:38]} 31. fxg5 {[%emt 0:00:28]} hxg5 {[%emt 0:00:02]} 32. Nd2 {[%emt 0:00:53]} Rh8 {[%emt 0:00:55]} 33. Nc4 {[%emt 0:01:05]} Bb7 {[%emt 0:00:48]} 34. Ne5+ {[%emt 0:01:43]} Kg7 {[%emt 0:00:03]} 35. f4 {[%emt 0:02:10]} Rxh3 {[%emt 0:01:07]} 36. fxg5 {[%emt 0:00:06]} f4 {[%emt 0:02:01]} 37. Rf1 {[%emt 0:01:31]} Rg3+ {[%emt 0:01:50]} 38. Kf2 {[%emt 0:00:32]} Rxg5 {[%emt 0:04:29]} 39. Rg1 {[%emt 0:01:00]} Rxg1 {[%emt 0:00:04]} 40. Kxg1 {[%emt 0:00:05]} Kf6 {[%emt 0:01:04]} 41. Nd7+ {[%emt 0:30:42]} Kf5 {[%emt 0:03:52]} 42. Kf2 {[%emt 0:00:00]} Bc8 {[%emt 0:01:20]} 43. Nc5 {[%emt 0:00:00]} Ke5 {[%emt 0:00:04]} 44. Kf3 {[%emt 0:00:00]} Bf5 {[%emt 0:03:11]} 45. Nb3 {[%emt 0:00:00]} Bg6 {[%emt 0:00:31]} 46. Kg4 {[%emt 0:00:00]} Bf7 {[%emt 0:01:49]} 47. Nd2 {[%emt 0:00:00]} Be6+ {[%emt 0:00:03]} 48. Kf3 {[%emt 0:00:00]} Bd5+ {[%emt 0:00:03]} 49. Kg4 {[%emt 0:00:00]} Be6+ {[%emt 0:00:05]} 50. Kf3 {[%emt 0:00:00]} 1/2-1/2

[Event "GM Clarion Congress Hotel 2020"]
[Site "Ceske Budejovice"]
[Date "2020.07.06"]
[Round "6.5"]
[White "Kraus, Tomas"]
[Black "Michalik, Peter"]
[Result "1/2-1/2"]
[WhiteElo "2449"]
[BlackElo "2585"]
[Annotator "TA"]
[PlyCount "57"]
[EventDate "2020.07.01"]
[EventType "tourn"]
[EventCountry "CZE"]
[SourceTitle "playchess.com"]
[Source "ChessBase"]
[SourceQuality "1"]

{[%evp 9,57,16,36,39,31,40,21,9,20,25,19,19,33,-30,-27,-40,-31,-41,-31,-27,-29,-39,25,22,33,26,34,38,50,50,46,56,49,6,43,50,40,36,42,39,76,76,76,34,73,62,62,62,62,62]} 1. e4 c5 2. Nf3 d6 3. Bb5+ Nd7 4. a4 {[%cal Ba2a4,Ba4a5][%mdl 32]} Ngf6 5. Nc3 g6 6. a5 {B51: Sicilian: Moscow Variation (3 Bb5+) without 3...Bd7.} Bg7 7. O-O O-O 8. a6 {[#] The position is equal.} Nb6 $146 ({Predecessor:} 8... e6 9. d3 Qb6 10. axb7 Bxb7 11. Re1 Rfd8 12. Ba4 h6 13. h3 d5 14. e5 Nh7 15. Bxd7 Rxd7 {1-0 (30) Carlsen,M (2822)-Dreev,A (2648) Tbilisi 2017}) 9. d3 Ne8 10. axb7 Bxb7 11. d4 (11. Ba6 $14 Bc6 12. d4) 11... Nc7 12. Be2 cxd4 13. Nxd4 d5 14. exd5 Ncxd5 15. Nxd5 Qxd5 (15... Bxd5 $15 16. c3 Qc7) 16. Bf3 $36 {[%mdl 2048] White has the initiative.} Qd7 17. Nf5 $1 Qxf5 18. Bxb7 Rab8 19. Ba6 Nd5 {[%cal Bb6d5,Bd5c3,Bc3d1][%mdl 32]} 20. c3 Rfd8 21. Ra5 e6 22. g3 Be5 {White should prevent ...Nxc3.} 23. Bd3 Nxc3 $1 24. Bxf5 Nxd1 25. Bg4 Bxb2 26. Bf4 (26. Bg5 $5 {[%cal Rg5d8]} Nxf2 27. Rxf2 $16) 26... Nxf2 27. Rxf2 Bd4 {[#] Threatens to win with ...Rb2.} 28. Bxb8 Rxb8 29. Kg2 {Accuracy: White = 84%, Black = 82%.} 1/2-1/2

[Event "GM Clarion Congress Hotel 2020"]
[Site "Ceske Budejovice"]
[Date "2020.07.07"]
[Round "7.1"]
[White "Michalik, Peter"]
[Black "Stefansson, Hannes"]
[Result "1/2-1/2"]
[WhiteElo "2583"]
[BlackElo "2542"]
[Annotator "TA"]
[PlyCount "34"]
[EventDate "2020.07.01"]
[EventType "tourn"]
[EventCountry "CZE"]
[SourceTitle "playchess.com"]
[Source "ChessBase"]
[SourceQuality "1"]

{[%evp 9,34,17,16,19,0,0,12,0,0,-14,-15,-23,16,23,20,12,21,0,0,0,0,0,7,0,-18,-8,-12]} 1. d4 Nf6 2. Nf3 e6 3. g3 d5 4. Bg2 b5 5. a4 b4 6. c4 {A46: 1 d4 Nf6 2 Nf3 e6: Torre, London and Colle Systems.} bxc3 7. Nxc3 Be7 8. Bf4 O-O {[#]} 9. Ne5 $146 ({Predecessor:} 9. O-O c6 10. a5 Ba6 11. Ne5 Qc8 12. Qa4 Nfd7 13. Rfc1 Nxe5 14. Bxe5 Qb7 15. e4 {½-½ (24) Hausrath,D (2484)-Graf,A (2576) Germany 2017}) 9... Nfd7 10. Nd3 Na6 11. O-O Bb7 12. e4 $36 {[%mdl 2048] White has the initiative.The position is equal.} Nf6 {[%cal Rd5e4]} 13. Qe2 Rb8 14. Rfd1 Nxe4 15. Nxe4 dxe4 16. Bxe4 Bxe4 17. Qxe4 Nb4 {Not much happened in this game. Accuracy: White = 100%, Black = 92%.} 1/2-1/2

[Event "GM Clarion Congress Hotel 2020"]
[Site "Ceske Budejovice"]
[Date "2020.07.07"]
[Round "7.2"]
[White "Horvath, Dominik"]
[Black "Kraus, Tomas"]
[Result "0-1"]
[WhiteElo "2446"]
[BlackElo "2453"]
[Annotator "TA"]
[PlyCount "74"]
[EventDate "2020.07.01"]
[EventType "tourn"]
[EventCountry "CZE"]
[SourceTitle "playchess.com"]
[Source "ChessBase"]
[SourceQuality "1"]

{[%evp 19,74,25,25,6,16,16,47,16,64,39,52,21,12,0,0,-2,-2,-25,65,60,67,57,78,78,83,0,0,0,387,379,366,352,343,343,329,0,0,0,0,0,18,1,28,0,0,-126,-144,-123,-120,-317,-248,-485,-480,-520,-456,-839,-796]} 1. e4 d6 2. d4 Nf6 3. Nc3 e5 4. Nf3 Nbd7 5. Bc4 Be7 6. O-O O-O 7. Re1 c6 8. a4 a5 9. Ba2 exd4 10. Nxd4 Nc5 11. Bf4 {C41: Philidor Defence.} Qb6 12. Qd2 Re8 13. h3 {[#] White is slightly better.} Qb4 $146 ({Predecessor:} 13... Bd7 14. e5 dxe5 15. Bxe5 h6 16. Re3 Nh7 17. Rae1 Bg5 18. f4 Bh4 19. Rf1 Rad8 {½-½ (45) Paravyan,D (2469)-Goganov,A (2609) Sochi 2015}) 14. e5 dxe5 15. Rxe5 Bd7 16. Rae1 Bf8 17. Bg5 Rxe5 18. Rxe5 Qxb2 (18... Nxa4 $11 19. Nde2 Nxc3 20. Nxc3 Qd6) 19. Bxf6 $1 $14 gxf6 20. Qf4 $1 Ne6 (20... Qxc3 $2 21. Rg5+ Bg7 22. Qxf6 $18) 21. Bxe6 Bxe6 22. Qxf6 ({White should try} 22. Nxe6 $16 fxe5 23. Qg5+ Kh8 24. Qxe5+ f6 25. Qxf6+ {[%mdl 64] Double Attack} Kg8 26. Ng5 Qc1+ 27. Kh2 Bd6+ 28. g3) 22... Qc1+ $11 23. Kh2 {[#]} Bd6 $2 {[%mdl 8192] [#]} (23... Be7 $1 $11 {[%mdl 512] and Black has nothing to worry.} 24. Qf3 (24. Qxe7 Qf4+) 24... Bd6) 24. f4 $1 $18 {[%mdl 512]} Bxe5 25. Qxe5 Qa3 {[#]} 26. Ne4 $1 (26. Nxe6 fxe6 27. Qg5+ (27. Qxe6+ Kf8 $11) 27... Kf7 $11) 26... Qf8 27. f5 $2 ({Less strong is} 27. Nxe6 fxe6 28. Nf6+ Kh8 $14) (27. Nf6+ $18 Kh8 28. Ne8+ (28. Nxe6 fxe6 29. Ne8+ Kg8 $14) 28... Kg8 29. Qg5+ (29. Nxe6 fxe6 30. Nc7 Rc8 $14) 29... Kh8 30. Qf6+ (30. Nxe6 fxe6 31. Nc7 Rc8 $14) 30... Kg8 31. Qg5+ (31. Nxe6 $2 fxe6 32. Qg5+ Kf7 $19) 31... Kh8 32. Nxe6 fxe6 33. Nc7) 27... Ba2 $11 28. Ne2 Qb8 $1 {[%cal Rb8e5]} 29. Nd6 {aiming for Nc3.} Qc7 {Hoping for ...Rd8.} 30. f6 $40 {[%mdl 128] Qg5+ would kill now. Black needs to defend precisely.} Kh8 {...Rd8 is the strong threat.} 31. Qe7 Qb8 32. Nc3 (32. Nd4 $11) 32... Be6 $17 {Threatens to win with ...Ra7.} 33. Kh1 Qg8 {And now ...Qg5 would win.} 34. Nce4 $2 (34. Qxb7 $17 {might work better.} Rb8 35. Qc7) 34... Qg6 35. Ne8 $2 (35. Qxb7 {was called for.} Rg8 36. g4) 35... h6 $19 {Black is clearly winning.} 36. Kh2 Kh7 37. Qf8 (37. Ng3 $142 h5 38. Ng7) 37... Rxe8 {Never resign too early! Accuracy: White = 55%, Black = 81%.} 0-1

[Event "GM Clarion Congress Hotel 2020"]
[Site "Ceske Budejovice"]
[Date "2020.07.07"]
[Round "7.3"]
[White "Cernousek, Lukas"]
[Black "Malinovsky, Karel"]
[Result "1/2-1/2"]
[WhiteElo "2460"]
[BlackElo "2456"]
[Annotator "TA"]
[PlyCount "42"]
[EventDate "2020.07.01"]
[EventType "tourn"]
[EventCountry "CZE"]
[SourceTitle "playchess.com"]
[Source "ChessBase"]
[SourceQuality "1"]

{[%evp 20,42,0,0,0,0,17,7,21,-14,7,4,6,6,13,3,14,0,0,0,0,0,0,0,3]} 1. c4 e6 2. Nf3 d5 3. d4 Nf6 4. g3 Be7 5. Bg2 O-O 6. O-O dxc4 7. Qa4 a6 8. Qxc4 b5 9. Qc2 Bb7 10. Bf4 Nc6 11. Nc3 {The position is equal.} Nb4 {E05: Open Catalan: 5 Nf3 Be7.} ({Reject} 11... Nxd4 $6 12. Nxd4 Bxg2 13. Rfd1 $16) 12. Qd2 Rc8 13. a3 Nbd5 14. b4 Nxf4 15. Qxf4 Bxf3 16. Bxf3 c6 17. Rfd1 a5 {[#]} 18. Rab1 $146 ({Predecessor:} 18. Na2 Nd5 19. Qd2 axb4 20. Nxb4 Qd7 21. Rac1 g6 22. Rc2 Rc7 23. Rdc1 Rfc8 24. e3 {½-½ (24) Kevicky,M (2333)-Csjernyik,J (2461) ICCF email 2010}) 18... axb4 19. axb4 Nd5 20. Nxd5 cxd5 21. Qd2 Qd6 {A rather calm draw. Accuracy: White = 100%, Black = 100%.} 1/2-1/2

[Event "GM Clarion Congress Hotel 2020"]
[Site "Ceske Budejovice"]
[Date "2020.07.07"]
[Round "7.4"]
[White "Yankelevich, Lev"]
[Black "Donchenko, Alexander"]
[Result "0-1"]
[WhiteElo "2461"]
[BlackElo "2646"]
[Annotator "TA"]
[PlyCount "120"]
[EventDate "2020.07.01"]
[EventType "tourn"]
[EventCountry "CZE"]
[SourceTitle "playchess.com"]
[Source "ChessBase"]
[SourceQuality "1"]

{[%evp 12,120,0,0,0,0,0,0,0,0,-2,-93,-94,-97,-107,-101,-112,-91,-100,-123,-124,-141,-138,-143,-147,-128,-147,-133,-131,-129,-121,-166,-47,-86,-81,-65,0,0,0,-81,-56,-79,-80,-145,-141,-183,-162,-195,-200,-180,-142,-616,-632,-631,-631,-584,0,-302,0,-595,-585,-557,-360,-1651,-342,-326,-348,-732,-727,-674,-668,-668,-285,-266,-292,-279,-285,-292,-279,-301,-296,-257,-270,-433,-375,-430,-435,-416,-441,-441,-435,-431,-431,-421,-400,-370,-349,-597,-597,-590,-590,-583,-575,-575,-568,-560,-542,-535,-519,-518,-501]} 1. e4 e5 2. Nf3 Nc6 3. Bc4 Bc5 4. b4 Bxb4 5. c3 Be7 6. d4 Na5 7. Bd3 d6 {C51: Evans Gambit: Declined and Accepted without 5...Ba5.} 8. dxe5 dxe5 9. Nxe5 Nf6 {The position is equal.} 10. O-O O-O 11. f4 {[#]} (11. Qc2 $11) 11... Ng4 $1 $17 {[%mdl 512]} 12. Nxg4 Bxg4 13. Qc2 Bc5+ 14. Kh1 {[#]} Qd7 $146 ({Predecessor:} 14... Qh4 15. Ba3 Bxa3 16. Nxa3 Rad8 17. Nb5 Rd7 18. Nd4 Nc6 19. Rab1 Nxd4 20. cxd4 Rxd4 21. Rxb7 {0-1 (28) Donoso Diaz,S (2111)-Miyasaka,M (2224) Montevideo 2016}) 15. e5 Rad8 $1 16. Bxh7+ Kh8 17. Ba3 Bxa3 $1 18. Nxa3 g6 19. Bxg6 fxg6 20. Qxg6 Bf5 21. Qg5 Rg8 (21... Qh7 $19 {Strongly threatening ...Rd7.} 22. Rad1 Rde8) 22. Qf6+ Qg7 23. Qh4+ Qh7 24. Qf6+ Qg7 25. Qh4+ $1 Bh7 {[%csl Gg8][%cal Rg7g2]} 26. Rf2 Rde8 {[%cal Bd8e8,Be8e6,Be6h6][%mdl 32]} 27. Re1 ({White should try} 27. Qh5) 27... Re6 $1 {[%cal Re6h6] ...Rh6 is the strong threat.} 28. Qh3 Rh6 $40 {[%mdl 128] White is in trouble.} 29. Qe3 Bf5 30. h3 Qd7 {White must now prevent ...Qc6.} 31. Nc2 $2 {[%mdl 8192]} (31. c4 $17) 31... Nc4 $19 32. Qf3 Nd2 33. Qe3 Nc4 34. Qf3 $1 Nd2 $2 (34... Bg4 35. e6 Qd6) 35. Qe3 Ne4 {[%cal Rf5h3]} 36. Rf3 {intending Nd4.} Qg7 {[%csl Gg8][%cal Rg7g2]} 37. Rg1 $2 {[#]} (37. Re2 Ng3+ 38. Rxg3 Qxg3 39. Qxg3 Rxg3 40. Nd4) 37... Ng3+ $2 (37... Nd2 $1 {[%mdl 512]} 38. Nd4 (38. Qxd2 Bxh3) 38... Nxf3 39. Nxf3 Qg3 $1 {[%mdl 512]} 40. Ng5 Qxe3 41. Rf1 Rxh3+ $1 {[%mdl 512]} 42. gxh3 Qg3 43. Rf3 Be4 $1 {[%mdl 512]} 44. Nf7+ Kh7 $1 {[%mdl 512]} 45. Ng5+ Rxg5 46. fxg5 Bxf3#) 38. Kh2 {[%cal Rf3g3] [#]} Bxh3 $1 {[%mdl 512] ( -> ...Bf5#)} 39. gxh3 $2 {[#]} (39. Rxg3 Bf5+ 40. Rh3) 39... Rxh3+ $1 {[%mdl 512]} 40. Kxh3 Qh7+ {[%mdl 64] Double Attack} 41. Kg2 Qxc2+ (41... Nf5+ $142 42. Rg3 Rxg3+ 43. Qxg3 Nxg3 44. Kxg3 Qg6+ 45. Kh2 Qxc2+ 46. Rg2 Qxc3) 42. Rf2 {[#]} Nf5+ $1 43. Kh2 {Threatening mate with Qh3+.} Nxe3 {[%cal Rc2h7]} 44. Rxc2 Nxc2 {[%mdl 4096] Endgame KRN-KR} 45. Rd1 Ne3 46. Rd7 Rg7 47. e6 $2 (47. Rd8+ {was forced.} Kh7 48. Kh3) 47... Nf5 48. Rd5 Ne7 49. Rd8+ Kh7 50. Ra8 Nf5 51. Rxa7 c6 52. a4 Kg6 53. a5 Kf6 54. a6 $2 (54. e7 {only move.} Rxe7 55. Kg2) 54... bxa6 {Black is clearly winning.} 55. Rxa6 Ne7 56. Ra5 Kxe6 57. Re5+ Kd6 58. c4 Rg4 59. c5+ Kd7 60. f5 Rg5 {Accuracy: White = 55%, Black = 84%.} 0-1

[Event "GM Clarion Congress Hotel 2020"]
[Site "Ceske Budejovice"]
[Date "2020.07.07"]
[Round "7.5"]
[White "Mihok, Oliver"]
[Black "Mikes, Jan"]
[Result "1/2-1/2"]
[WhiteElo "2552"]
[BlackElo "2373"]
[Annotator "TA"]
[PlyCount "58"]
[EventDate "2020.07.01"]
[EventType "tourn"]
[EventCountry "CZE"]
[SourceTitle "playchess.com"]
[Source "ChessBase"]
[SourceQuality "1"]

{[%evp 12,58,27,24,26,22,31,29,29,32,45,41,45,45,54,6,13,8,29,0,28,0,0,-7,37,-112,-114,-105,-49,-66,0,0,0,0,0,-5,7,0,-2,-2,-14,-12,0,0,0,0,0,0,0]} 1. e4 c5 2. Nf3 Nc6 3. Nc3 e5 4. Bc4 d6 5. d3 Be7 6. Nd2 Nf6 7. Nf1 Nd7 {B30: Sicilian: 2...Nc6 3 Bb5, lines without ...g6.} 8. Ne3 O-O 9. O-O Nb6 {White has an edge.} 10. Ncd5 Kh8 11. Nxb6 axb6 {[#]} 12. Nd5 $146 ({Predecessor:} 12. c3 f5 13. exf5 Bxf5 14. Nxf5 Rxf5 15. Bd5 Qd7 16. Be4 Rf6 17. Bg5 Rff8 18. Bxe7 Nxe7 {½-½ (42) Hansch,K (2262)-Roseneck,J (2402) Germany 2019}) 12... f5 13. c3 f4 $1 14. f3 Bh4 15. Bd2 g5 16. Be1 (16. d4 $5) 16... Bxe1 17. Rxe1 h5 18. g4 (18. Qb3 $14 {keeps the upper hand.}) 18... hxg4 $17 19. fxg4 f3 ({Black should try} 19... Bd7 $17) 20. Kf2 $15 Bxg4 (20... b5 $15 21. Bxb5 Be6) 21. Rg1 $11 {The position is equal.} Bh3 {aiming for ...g4.} 22. Qd2 Bg2 $1 {[#]} 23. h4 $1 {[%mdl 512]} Rf4 $132 {[%mdl 2048] Black is not holding back} (23... gxh4 24. Qh6+) 24. Rxg2 fxg2+ 25. Nxf4 exf4 26. Rg1 gxh4 {[#] ...h3 is the strong threat.} 27. Qxf4 {[%cal Rf4h6]} Qf8 28. Bf7 h3 {And now ...Kg7 would win.} 29. Qf6+ Qg7 {Accuracy: White = 76%, Black = 77%.} 1/2-1/2

[Event "GM Clarion Congress Hotel 2020"]
[Site "Ceske Budejovice"]
[Date "2020.07.08"]
[Round "8.1"]
[White "Stefansson, Hannes"]
[Black "Mikes, Jan"]
[Result "1-0"]
[WhiteElo "2542"]
[BlackElo "2373"]
[Annotator "TA"]
[PlyCount "93"]
[EventDate "2020.07.01"]
[EventType "tourn"]
[EventCountry "CZE"]
[SourceTitle "playchess.com"]
[Source "ChessBase"]
[SourceQuality "1"]

{[%evp 13,93,32,9,11,19,14,29,0,17,0,13,8,6,10,16,6,52,50,78,12,16,13,4,8,7,7,11,0,9,11,29,0,16,26,19,11,16,18,18,14,17,18,40,44,36,39,147,145,149,75,82,77,76,19,36,29,185,47,198,202,177,210,253,245,250,158,195,216,234,176,621,606,529,479,684,691,676,672,519,344,752,339]} 1. d4 d5 2. c4 c6 3. Nf3 Nf6 4. e3 Bg4 5. h3 Bh5 6. Nc3 e6 7. g4 Bg6 8. Ne5 {D11: Slav Defence: 3 Nf3 sidelines and 3...Nf6 4 e3 Bg4.} Nbd7 9. Nxg6 hxg6 10. Bd2 {White has an edge.} g5 11. Qb3 Qb6 12. f3 Be7 13. O-O-O {[#]} O-O-O $146 ({Predecessor:} 13... Qc7 14. Kb1 Nb6 15. cxd5 Nfxd5 16. Nxd5 Nxd5 17. Rc1 Qb6 18. Qxb6 axb6 19. e4 Nf4 20. h4 O-O-O 21. Be3 Bf6 22. hxg5 Bxg5 23. Bc4 {½-½ (23) Van Foreest,J (2330)-Van Delft,M (2424) Wijk aan Zee 2013}) 14. Kb1 Nf8 {[%cal Bd7f8,Bf8g6,Bg6h4][%mdl 32]} 15. Qa4 dxc4 $1 16. Bxc4 (16. Ne4 $1 $16) 16... Qb4 $1 $11 {[%cal Rb4a4]} 17. Qxb4 Bxb4 18. a3 Be7 19. Ne2 Ng6 20. e4 Nd7 21. Ba2 Nh4 22. Rdf1 Ne5 23. Ba5 b6 24. Be1 $36 {[%mdl 2048] White is pushing.} Nexf3 25. Bxh4 Nd2+ {[%mdl 64] Double Attack} 26. Kc2 Nxf1 27. Bf2 c5 {aiming for ...cxd4.} 28. Rxf1 Rxh3 29. dxc5 {Threatens to win with Bg3.} bxc5 (29... Rf3 $1 $14) 30. Bg3 $16 Bd6 31. e5 ({White should try} 31. Bxd6 $1 Rxd6 32. Rxf7 {[%mdl 64] Double Attack}) 31... Bxe5 {[%mdl 64] Decoy} 32. Bxe5 Re3 33. Nc3 (33. Bxg7 $16 Rxe2+ 34. Kc1) 33... Rxe5 $11 34. Rxf7 {[%mdl 64] Double Attack} Rd7 $2 (34... Rd4 $11 {and Black stays safe.}) 35. Rf8+ (35. Rxd7 $1 $18 Kxd7 36. Kd2) 35... Rd8 $2 (35... Kb7 $14) 36. Rxd8+ $1 $18 Kxd8 {[#]} 37. Kd2 $1 Ke7 38. Bc4 Kd7 39. b3 Ke7 40. Bd3 {[%mdl 1024] White has strong compensation.} Kd7 {[#]} 41. Be4 $1 a5 $2 (41... Kc7 42. Bf3 Kd7) 42. Kd3 Kc7 43. Kc4 a4 (43... Kd6 $142 44. a4 Kd7) 44. b4 cxb4 45. axb4 Kd6 46. Kd3 Kc7 $2 (46... a3 47. Kc2 Kd7) 47. Kc2 {Accuracy: White = 77%, Black = 55%.} (47. Nxa4 $142 Rb5 48. Kc4) 1-0

[Event "GM Clarion Congress Hotel 2020"]
[Site "Ceske Budejovice"]
[Date "2020.07.08"]
[Round "8.2"]
[White "Donchenko, Alexander"]
[Black "Mihok, Oliver"]
[Result "1-0"]
[WhiteElo "2646"]
[BlackElo "2552"]
[Annotator "TA"]
[PlyCount "83"]
[EventDate "2020.07.01"]
[EventType "tourn"]
[EventCountry "CZE"]
[SourceTitle "playchess.com"]
[Source "ChessBase"]
[SourceQuality "1"]

{[%evp 9,83,-8,16,16,4,9,20,19,20,18,26,32,26,0,11,19,39,31,23,28,57,43,44,52,89,58,82,81,75,25,122,118,148,143,138,77,81,85,81,79,79,79,87,76,326,326,420,410,418,408,448,284,305,285,304,306,294,314,293,293,491,483,498,498,605,491,525,482,483,455,433,431,617,617,602,566]} 1. d4 d5 2. c4 c6 3. Nf3 Nf6 4. Qc2 dxc4 5. Qxc4 Bg4 6. Nc3 {D23: Queen's Gambit Accepted: 3 Nf3 Nf6 sidelines.} Nbd7 7. Bf4 Nb6 8. Qd3 $1 {The position is equal.} Nbd5 9. Nxd5 Qxd5 {[#]} 10. Nd2 $5 $146 {[%mdl 8] An interesting novelty.} ({Predecessor:} 10. Ne5 Rd8 11. e3 e6 12. f3 Bb4+ 13. Kf2 Bf5 14. Qb3 Qxb3 15. axb3 a6 16. Bxa6 bxa6 17. Nxc6 {1-0 (37) Mamedyarov,S (2743)-Yilmaz,M (2569) Kocaeli 2014}) 10... Bf5 11. Qb3 Qxb3 12. Nxb3 e5 13. dxe5 Nd5 14. Bd2 O-O-O 15. a3 Nb6 16. e3 Rd5 17. f4 Be7 18. Be2 Be4 19. Rg1 Rhd8 (19... f6 $1 $11) 20. Bb4 $16 c5 21. Rc1 $36 {[%cal Rb4c5][%mdl 2048] White has strong initiative.} Na4 {[#]} 22. Nd2 (22. Bb5 $142 $1 {[%cal Rb5a4]} Kb8 23. Ba5 Nxb2 24. Bxd8 Rxd8 25. Nxc5 Bxc5 26. Rxc5) 22... Rxd2 23. Bxd2 {And now Bf3 would win.} Nxb2 24. Bc3 Nd3+ 25. Bxd3 $1 Rxd3 26. Ke2 b5 $2 {Now Black is done in.} (26... h5 $16 {keeps fighting.}) 27. Bb4 $1 $18 Kb7 28. Bxc5 Bxc5 29. Rxc5 {[%mdl 4096] Endgame KRR-KRB} Kb6 30. Rc8 Rxa3 {[#] White should prevent ...Ra2+.} 31. Rd1 $1 Ra2+ 32. Rd2 Rxd2+ 33. Kxd2 {KR-KB} a5 34. g4 b4 $2 (34... Bd5 {might work better.} 35. Kc3 Bf3) 35. f5 {White is clearly winning.} Bd5 {[#] Now ...a4 and Black clings on.} 36. e4 $1 Bb3 (36... Bxe4 37. e6) 37. Re8 Kc6 38. e6 fxe6 39. fxe6 Kd6 40. e7 Be6 (40... h6 $142 41. Ra8 Kxe7 42. Rxa5 Bg8 43. Ra7+ Kf6 44. e5+ Kg6) 41. g5 a4 42. Ra8 {Accuracy: White = 78%, Black = 58%.} 1-0